Historia : el mundo contemporáneo :
Guardado en:
| Autor Principal: | |
|---|---|
| Otros Autores: | , |
| Formato: | Libro |
| Publicado: |
Buenos Aires :
Aique, 1999.
|
| Materias: | |
| Etiquetas: |
Agregar Etiqueta
Sin Etiquetas, Sea el primero en etiquetar este registro!
|
| LEADER | 02037nam a22004215a 4500 | ||
|---|---|---|---|
| 001 | CEM.cems009947 | ||
| 008 | 130507b1999##################000#0#####d | ||
| 005 | 20211012181501.0 | ||
| 003 | CEMS | ||
| 245 | 1 | 0 | |a Historia : |b el mundo contemporáneo : |c María Ernestina Alonso, Enrique Carlos Vázquez, Analía Giavón |
| 260 | |a Buenos Aires : |b Aique, 1999. | ||
| 300 | |a 62 p. | ||
| 020 | |a 9507015205 | ||
| 100 | 1 | |a Alonso, María Ernestina | |
| 700 | 1 | |a Vázquez, Enrique Carlos | |
| 700 | 1 | |a Giavón, Analía | |
| 082 | 0 | 4 | |a 940.5 |
| 653 | |a Historia | ||
| 653 | |a Historia-polimodal | ||
| 859 | |a CEMS |b BIB. CEMS - 11 de abril |h 940.5 |i Al64-1 |p 20306.99 |t Ej.1 | ||
| 859 | |a CEMS |b BIB. CEMS - Agricultura |h 940.5 |i Al722-2 |p A0104.00 |t Ej.1 | ||
| 859 | |a CEMS |b BIB. CEMS - 11 de abril |h 940.5 |i Al64-1 |p 20309.99 |t Ej.2 | ||
| 859 | |a CEMS |b BIB. CEMS - Agricultura |h 940.5 |i Al722-2 |p A0234.00 |t Ej.2 | ||
| 859 | |a CEMS |b BIB. CEMS - 11 de abril |h 940.5 |i Al64-1 |p 20628.99 |t Ej.3 | ||
| 859 | |a CEMS |b BIB. CEMS - Agricultura |h 940.5 |i Al722-2 |p A0466.03 |t Ej.3 | ||
| 859 | |a CEMS |b BIB. CEMS - 11 de abril |h 940.5 |i Al64-1 |p 20629.99 |t Ej.4 | ||
| 859 | |a CEMS |b BIB. CEMS - 11 de abril |h 940.5 |i Al64-1 |p 20893.00 |t Ej.5 | ||
| 859 | |a CEMS |b BIB. CEMS - 11 de abril |h 940.5 |i Al64-1 |p 20894.00 |t Ej.6 | ||
| 859 | |a CEMS |b BIB. CEMS - 11 de abril |h 940.5 |i Al64-1 |p 21760.02 |t Ej.7 | ||
| 859 | |a CEMS |b BIB. CEMS - 11 de abril |h 940.5 |i Al64-1 |p 21761.02 |t Ej.8 | ||
| 859 | |a CEMS |b BIB. CEMS - 11 de abril |h 940.5 |i Al64-1 |p 21963.03 |t Ej.9 | ||
| 859 | |a CEMS |b BIB. CEMS - 11 de abril |h 940.5 |i Al64-1 |p 21964.03 |t Ej.10 | ||
| 859 | |a CEMS |b BIB. CEMS - 11 de abril |h 940.5 |i Al64-1 |p 21965.03 |t Ej.11 | ||
| 859 | |a CEMS |b BIB. CEMS - 11 de abril |h 940.5 |i Al64-1 |p 24072.07 |t Ej.12 | ||
| 859 | |a CEMS |b BIB. CEMS - 11 de abril |h 940.5 |i Al64-1 |p 24073.07 |t Ej.13 | ||
| 859 | |a CEMS |b BIB. CEMS - 11 de abril |h 940.5 |i Al64-1 |p 24074.07 |t Ej.14 | ||
| 859 | |a CEMS |b BIB. CEMS - 11 de abril |h 940.5 |i Al64-1 |p 24075.07 |t Ej.15 | ||
| 859 | |a CEMS |b BIB. CEMS - 11 de abril |h 940.5 |i Al64-1 |p 24076.07 |t Ej.16 | ||
